| 000 | 00414nam a22001577a 4500 | ||
|---|---|---|---|
| 020 | _a9781259696534 | ||
| 040 | _cNUST | ||
| 082 | _a620.106 CEN | ||
| 100 | _aÇengel, Yunus A | ||
| 110 |
_aCimbala, John M _9113899 |
||
| 245 |
_aFluid Mechanics: _bFundamentals and Applications |
||
| 250 | _a4th Edition | ||
| 260 |
_aNew York: _bMcGraw-Hill Education, _c2018. |
||
| 650 | _aFluid Mechanics | ||
| 942 |
_2ddc _cBK |
||
| 999 |
_c595337 _d595337 |
||